000 01555nam0a2200361 4500
001 RU\NLR\bibl\1847625
005 20260405234908.0
010 _a978-5-235-03484-6
_93000
021 _aRU
_b2011-93173
_96676
035 _a(NLR Aleph) 001838044
090 _a2233153
_c2233153
100 _a20111214d2011 |||y0rusy50 ca
101 0 _arus
102 _aRU
105 _aa |||||||||
200 1 _aЦицианов
_fВладимир Лапин
210 _aМосква
_cМолодая гвардия
_d2011
215 _a540, [2] с., [16] л. ил., цв. ил., портр.
_d21
225 1 _aЖизнь замечательных людей
_eсерия биографий
_fоснована в 1890 г. Ф. Павленковым и продолж. в 1933 г. М. Горьким
_vвып. 1538(1338)
320 _aБиблиогр.: с. 538-541 и в тексте примеч.
600 1 _aЦицианов
_bП.Д.
_f1754 - 1806
_gПавел Дмитриевич
_91680423
_3RU\NLR\auth\661044799
686 _aТ3(2)471-8
686 _aЦ35(2)461.9-424дЦицианов
700 1 _4070
_aЛапин
_bВ. В.
_cд-р ист. наук
_f1954-
_gВладимир Викентьевич
_9221424
_3RU\NLR\AUTH\770221480
702 1 _4570
_8rus
_7ca
_aЦицианов
_bП. Д.
_f1754-1806
_gПавел Дмитриевич
_3RU\NLR\AUTH\77108527
_991452
801 0 _aRU
_bNLR
_c20111214
_gRCR
801 1 _aRU
_bNLR
_c20111214
830 _aлица по кн.
942 _cBOOK
980 _aNB
980 _aNBR